| 000 | 00613nam a22001697a 4500 | ||
|---|---|---|---|
| 005 | 20120413144026.0 | ||
| 020 |
_a8123717717 _c35.00 |
||
| 035 | _aA-980502 | ||
| 037 |
_aDPL _bENG |
||
| 100 |
_aBeetham, David _945079 |
||
| 245 |
_aDemocracy : _b80 questions and answers / _cby David Beetham and Kevind Boyle |
||
| 260 |
_aNew Delhi _bNational Book Trust, India _c1995 |
||
| 300 |
_axix, 118p. _c18 cms. |
||
| 700 |
_aBoyle, Kevin _945080 |
||
| 942 |
_2ddc _cEN _h321.8 _mBEE |
||
| 999 |
_c64981 _d64981 |
||